Directory of rubber products exporters in India (Record no. 52696)

MARC details
000 -LEADER
fixed length control field 00422nam a2200133Ia 4500
100 ## - MAIN ENTRY--AUTHOR NAME
Personal name Mohankumar S.
245 #0 - TITLE STATEMENT
Title Directory of rubber products exporters in India
260 ## - PUBLICATION, DISTRIBUTION, ETC. (IMPRINT)
Name of publisher Department of Training and Technical Consultancy, Rubber Board, Kottayam, India, 123 p.
Year of publication 2003
650 ## - SUBJECT ADDED ENTRY--TOPICAL TERM
Topical Term Exporter
650 ## - SUBJECT ADDED ENTRY--TOPICAL TERM
Topical Term Rubber product industry
700 ## - ADDED ENTRY--PERSONAL NAME
Personal name Babu K.S.
942 ## - ADDED ENTRY ELEMENTS (KOHA)
Koha item type Bibliography STAF
Holdings
Withdrawn status Lost status Damaged status Not for loan Home library Current library Date acquired Koha item type
      Bibliography RRII Library RRII Library 09/04/2014 Bibliography STAF